00627nam a2200157 a 450000100100000000500170001000800410002704000250006810000600009324500560015326000490020930000210025804900090027995201640028899900170045200003091120250404193304.0110606s1950 dr 000 0 spa d aDO-SdBNPbspacBNPHU1 aSanz Lajara, J. M.d1917-1963q(José Mariano), 9662310aAconcagua :bviajes y cuentos /cJ. M. Sanz Lajara. aBuenos Aires :bEditorial Americalee,c1950. a252 p. ;c22 cm. aBNPD 001050718RVaPDbPDcCTd2011-06-06iLF1l0o p30911-10r2020-06-25w2020-06-25y1zPerteneció a la biblioteca personal de Martínez Boog.ZNo se presta c30403d30403